|
|
|
|
| LEADER |
02284nam a22003973i 4500 |
| 001 |
EBC6955693 |
| 003 |
MiAaPQ |
| 005 |
20231204023222.0 |
| 006 |
m o d | |
| 007 |
cr cnu|||||||| |
| 008 |
231204s2015 xx o ||||0 ger d |
| 020 |
|
|
|a 9783839405086
|q (electronic bk.)
|
| 020 |
|
|
|z 9783899425086
|
| 035 |
|
|
|a (MiAaPQ)EBC6955693
|
| 035 |
|
|
|a (Au-PeEL)EBL6955693
|
| 035 |
|
|
|a (OCoLC)1049913845
|
| 040 |
|
|
|a MiAaPQ
|b eng
|e rda
|e pn
|c MiAaPQ
|d MiAaPQ
|
| 100 |
1 |
|
|a Höcker, Arne.
|
| 245 |
1 |
0 |
|a Kafkas Institutionen.
|
| 250 |
|
|
|a 1st ed.
|
| 264 |
|
1 |
|a Bielefeld :
|b transcript,
|c 2015.
|
| 264 |
|
4 |
|c {copy}2015.
|
| 300 |
|
|
|a 1 online resource (329 pages)
|
| 336 |
|
|
|a text
|b txt
|2 rdacontent
|
| 337 |
|
|
|a computer
|b c
|2 rdamedia
|
| 338 |
|
|
|a online resource
|b cr
|2 rdacarrier
|
| 490 |
1 |
|
|a Lettre
|
| 505 |
0 |
|
|a Cover Kafkas Institutionen -- Inhalt -- Kafkas Institutionen. Einleitung -- Diskurse -- Kafka. Die Hausordnung -- WolfKittler. In dubio pro reo. Kafkas »Strafkolonie« -- Metamorphosen des Opfers bei Franz Kafka -- Eine Berichtigung für eine Akademie -- Von Zuckerbaronen und Landvermessern. Koloniale Visionen in Schaffsteins Grüne Bändchen und Kafkas Das Schloß -- Canis Canens. Oder: Kafkas Respekt vor der Musikwissenschaft -- Vorsingen in Amerika -- Verfahren -- Kafkas Fürsprache -- Das Fehlläuten der Nachtglocke. Zu Kafkas Erzählung Ein Landarzt -- Literatur durch Verfahren. Beschreibung eines Kampfes -- Revolution und Routine. Die Verfahrensdarstellung in Kafkas Strafkolonie -- Schuld und Scham. Kafkas episches Theater -- Kafkas Trickster. Zum Auftritt des Fremden in der Schrift -- Siglen -- Autorin und Autoren.
|
| 588 |
|
|
|a Description based on publisher supplied metadata and other sources.
|
| 590 |
|
|
|a Electronic reproduction. Ann Arbor, Michigan : ProQuest Ebook Central, 2023. Available via World Wide Web. Access may be limited to ProQuest Ebook Central affiliated libraries.
|
| 655 |
|
4 |
|a Electronic books.
|
| 700 |
1 |
|
|a Simons, Oliver.
|
| 776 |
0 |
8 |
|i Print version:
|a Höcker, Arne
|t Kafkas Institutionen
|d Bielefeld : transcript,c2015
|z 9783899425086
|
| 797 |
2 |
|
|a ProQuest (Firm)
|
| 830 |
|
0 |
|a Lettre
|
| 856 |
4 |
0 |
|u https://ebookcentral.proquest.com/lib/matrademy/detail.action?docID=6955693
|z Click to View
|